Ramtha / (Запис № 541338)

МАРК-запис
000 -LEADER
fixed length control field 01405cam a2200337 a 4500
001 - CONTROL NUMBER
control field ramtha00wein
003 - CONTROL NUMBER IDENTIFIER
control field CaSfIA
005 - DATE AND TIME OF LATEST TRANSACTION
control field 20210118213625.0
007 - PHYSICAL DESCRIPTION FIXED FIELD--GENERAL INFORMATION
fixed length control field cr||||
008 - FIXED-LENGTH DATA ELEMENTS--GENERAL INFORMATION
fixed length control field 850605s1986 wau 000 0 eng
010 ## - LIBRARY OF CONGRESS CONTROL NUMBER
LC control number 85061768
040 ## - CATALOGING SOURCE
Original cataloging agency DLC
Transcribing agency DLC
Modifying agency BAKER
-- FN2
-- CaSfIA
019 ## -
-- 13718202
020 ## - INTERNATIONAL STANDARD BOOK NUMBER
International Standard Book Number 0932201113 :
Terms of availability $19.95
020 ## - INTERNATIONAL STANDARD BOOK NUMBER
International Standard Book Number 9780932201119
035 ## - SYSTEM CONTROL NUMBER
System control number (OCoLC)13903143
Canceled/invalid control number (OCoLC)13718202
050 00 - LIBRARY OF CONGRESS CALL NUMBER
Classification number BF1301
Item number .R237 1986
082 0# - DEWEY DECIMAL CLASSIFICATION NUMBER
Classification number 133.9/3
Edition number 19
029 1# - (OCLC)
OCLC library identifier NZ1
System control number 3262025
029 1# - (OCLC)
OCLC library identifier AU@
System control number 000004677400
245 00 - TITLE STATEMENT
Title Ramtha /
Medium [electronic resource]
Statement of responsibility, etc edited by Steven Lee Weinberg with Randall Weischedel, Sue Ann Fazio, and Carol Wright.
260 ## - PUBLICATION, DISTRIBUTION, ETC. (IMPRINT)
Place of publication, distribution, etc Eastsound, Wash. :
Name of publisher, distributor, etc Sovereignty, Inc.,
Date of publication, distribution, etc c1986.
300 ## - PHYSICAL DESCRIPTION
Extent 217 p. ;
Dimensions 25 cm.
506 ## - RESTRICTIONS ON ACCESS NOTE
Standardized terminology for access restriction Необхідна авторизація на https://archive.org/ (створення облікового запису безкоштовно)
506 ## - RESTRICTIONS ON ACCESS NOTE
Standardized terminology for access restriction Необхідна авторизація на https://openlibrary.org/ (створення облікового запису безкоштовно)
650 #0 - SUBJECT ADDED ENTRY--TOPICAL TERM
Topical term or geographic name as entry element Spirit writings.
700 1# - ADDED ENTRY--PERSONAL NAME
Personal name Weinberg, Steven Lee.
856 41 - ELECTRONIC LOCATION AND ACCESS
Uniform Resource Identifier <a href="http://www.archive.org/details/ramtha00wein">http://www.archive.org/details/ramtha00wein</a>
Public note Free eBook from the Internet Archive
856 42 - ELECTRONIC LOCATION AND ACCESS
Uniform Resource Identifier <a href="http://www.openlibrary.org/books/OL2555520M">http://www.openlibrary.org/books/OL2555520M</a>
Public note Additional information and access via Open Library
942 ## - ADDED ENTRY ELEMENTS (KOHA)
Koha item type ЕКнига

Немає доступних примірників.